| 000 | 00383nam a2200169Ia 4500 | ||
|---|---|---|---|
| 008 | 210210b1922 xxu||||| |||| 00| 0 eng d | ||
| 041 | _aeng | ||
| 082 | _a883/45 | ||
| 100 | _aJAYADEVA | ||
| 245 | _aPrasannarAghava by Pansikar | ||
| 260 |
_aBombay _b- _c1922 |
||
| 650 | _aPrasannarAghava | ||
| 650 | _aPansikar | ||
| 650 | _aby | ||
| 690 | _aSanskrit Drama | ||
| 906 | _a024375 | ||
| 999 |
_c149865 _d149865 |
||